First level subdivisions surrounding Germany - Statistics

General Stats
  • This quiz has been taken 20 times
  • The average score is 16 of 32
Answer Stats
Hint Answer % Correct
Austria Oberösterreich
82%
Denmark Syddanmark
82%
Switzerland Basel-Landschaft
76%
France Grand Est
76%
Netherlands Limburg
76%
Austria Tirol
76%
Switzerland Zurich
76%
Switzerland Basel-Stadt
71%
Netherlands Groningen
71%
Austria Salzburg
71%
Austria Vorarlberg
71%
Belgium Wallonia
71%
Switzerland Schaffhausen
65%
Switzerland Aargau
59%
Switzerland Thurgau
59%
Poland Lower Silesian
53%
Netherlands Overijssel
53%
Netherlands Drenthe
47%
Netherlands Gelderland
47%
Czech Republic Jihoceský
47%
Czech Republic Plzenský
35%
Poland Lubusz
29%
Czech Republic Ústecký
29%
Luxembourg Diekirch
24%
Czech Republic Karlovarský
24%
Poland West Pomeranian
24%
Czech Republic Liberecký
18%
Luxembourg Clervaux
12%
Luxembourg Grevenmacher
12%
Luxembourg Echternach
6%
Luxembourg Remich
6%
Luxembourg Vianden
6%
No matching quizzes found
Score Distribution
Percent of People with Each Score
Percentile by Number Answered
Your Score History
You have not taken this quiz